[Event "M.Chigorin Memorial 2014"]
[Site "St. Petersburg"]
[Date "2014.10.24"]
[Round "7.177"]
[White "Shugalei, Mikhail"]
[Black "Khatenever, Feliks"]
[Result "1/2-1/2"]
[WhiteElo "1649"]
[BlackElo "1795"]
[PlyCount "47"]
[EventDate "2014.10.18"]

1. c4 Nf6 2. Nc3 g6 3. g3 Bg7 4. Bg2 O-O 5. Nf3 d6 6. O-O e5 7. d3 c6 8. Rb1 a5
9. b3 Qc7 10. Bb2 Nbd7 11. e3 Nc5 12. d4 exd4 13. exd4 Na6 14. a3 Bf5 15. Rc1
Qd7 16. Na4 Rae8 17. Nh4 Bg4 18. f3 Be6 19. f4 Bg4 20. Bf3 Bh3 21. Bg2 Bg4 22.
Bf3 Bh3 23. Bg2 Bg4 24. Bf3 1/2-1/2

[Event "M.Chigorin Memorial 2014"]
[Site "St. Petersburg"]
[Date "2014.10.24"]
[Round "7.178"]
[White "Bezobrazov, Lev"]
[Black "Stroganov, Anatoly"]
[Result "0-1"]
[WhiteElo "1579"]
[BlackElo "1789"]
[PlyCount "78"]
[EventDate "2014.10.18"]

1. e4 d6 2. c4 c6 3. d4 f5 4. exf5 Bxf5 5. Nc3 Nf6 6. g3 Nbd7 7. Qf3 g6 8. Bh3
Bxh3 9. Nxh3 e5 10. d5 cxd5 11. Nxd5 e4 12. Nxf6+ Nxf6 13. Qe2 Bg7 14. O-O O-O
15. Rb1 Qd7 16. Nf4 Qf5 17. Bd2 Ng4 18. Nd5 Qh5 19. h4 Rae8 20. Nf4 Qf5 21. Be3
Ne5 22. Rbd1 Nf3+ 23. Kg2 Qg4 24. Rh1 Rxf4 25. Bxf4 Nxh4+ 26. Kf1 Nf3 27. Rh4
Qf5 28. Bxd6 Nxh4 29. gxh4 Qh3+ 30. Kg1 Qxh4 31. c5 Kh8 32. Bg3 Qg5 33. Qb5 Rf8
34. b4 e3 35. Kh2 Qh5+ 36. Kg2 Qf3+ 37. Kh3 Qxd1 38. fxe3 Qh1+ 39. Kg4 Qh5# 0-1

[Event "M.Chigorin Memorial 2014"]
[Site "St. Petersburg"]
[Date "2014.10.24"]
[Round "7.180"]
[White "Kapitsa, Artem"]
[Black "Sindarov, Islombek"]
[Result "1-0"]
[WhiteElo "1443"]
[BlackElo "1527"]
[PlyCount "164"]
[EventDate "2014.10.18"]

1. d4 Nf6 2. c4 d5 3. Nc3 e6 4. Bg5 c6 5. Qb3 Be7 6. e3 Nbd7 7. h3 Qb6 8. Qxb6
Nxb6 9. c5 Nbd7 10. Nf3 Ng8 11. Bf4 Ngf6 12. Be2 O-O 13. O-O b6 14. b4 a5 15.
a3 axb4 16. axb4 Bb7 17. Bd3 b5 18. Bg3 Rxa1 19. Rxa1 Ra8 20. Rxa8+ Bxa8 21.
Bh4 Kf8 22. Ne2 Nb8 23. Nc3 Nfd7 24. Bxh7 Bxh4 25. Nxh4 g6 26. Nxg6+ Kg7 27.
Ne5 Nxe5 28. Bc2 Nc4 29. g4 Na6 30. Na2 Nd2 31. Kg2 e5 32. dxe5 Nc4 33. e6 fxe6
34. h4 e5 35. g5 e4 36. Kg3 Kg6 37. Kf4 Nc7 38. f3 Ne6+ 39. Kg3 Nxe3 40. Bb1
Nf5+ 41. Kg4 Ne3+ 42. Kg3 Kf5 43. fxe4+ dxe4 44. g6 Nf4 45. Kf2 Ng4+ 46. Kg3
Nh5+ 47. Kh3 Ne5 48. Nc3 Kxg6 49. Nxe4 Nf4+ 50. Kg3 Nfd3 51. Nf2 Kh5 52. Nxd3
Nc4 53. Nf4+ Kh6 54. Be4 Nd2 55. Bg2 Nc4 56. Ne6 Na3 57. Nd8 Nc2 58. Bxc6 Bxc6
59. Nxc6 Kh5 60. Na7 Nxb4 61. Nxb5 Nc6 62. Nd6 Nb8 63. Ne4 Kg6 64. Kg4 Nd7 65.
Kf4 Kh5 66. c6 Nb6 67. Kg3 Nd5 68. Nc5 Nb6 69. c7 Nc8 70. Ne6 Nd6 71. Ng7+ Kg6
72. Ne8 Nc8 73. Kg4 Kh6 74. h5 Kh7 75. Kg5 Ne7 76. Nd6 Kg7 77. c8=Q Nxc8 78.
Nxc8 Kh7 79. h6 Kg8 80. Ne7+ Kh7 81. Nf5 Kg8 82. Kg6 Kh8 1-0

[Event "M.Chigorin Memorial 2014"]
[Site "St. Petersburg"]
[Date "2014.10.24"]
[Round "7.181"]
[White "Shadunts, Kirill"]
[Black "Zvereva, Svetlana"]
[Result "1/2-1/2"]
[WhiteElo "1696"]
[BlackElo "1657"]
[PlyCount "113"]
[EventDate "2014.10.18"]

1. d4 d5 2. c4 e6 3. Nc3 Nf6 4. cxd5 exd5 5. Bg5 Nbd7 6. e3 c6 7. Bd3 Qa5 8.
Qc2 Bb4 9. Nge2 O-O 10. O-O Bd6 11. Rab1 Qc7 12. h3 h6 13. Bf4 Bxf4 14. Nxf4
Qd8 15. b4 a6 16. a4 Nb6 17. Qb2 Nc4 18. Qa2 Nd6 19. Rfc1 Bf5 20. Bxf5 Nxf5 21.
Qb3 Nd6 22. b5 axb5 23. axb5 Nc4 24. Qd1 Qd6 25. Nd3 Na3 26. Rb3 Nc4 27. Rbb1
Qe7 28. bxc6 bxc6 29. Nc5 Rfb8 30. N3a4 Ne4 31. Nxe4 Qxe4 32. Nc5 Qe7 33. Rxb8+
Rxb8 34. Rb1 Rxb1 35. Qxb1 Qa7 36. Nd3 f6 37. Nf4 Qb6 38. Qxb6 Nxb6 39. Kf1 Kf7
40. Ke2 Ke7 41. Kf3 g5 42. Nd3 h5 43. Ke2 Nc4 44. Nb4 Kd6 45. Nd3 Ke6 46. g4
hxg4 47. hxg4 f5 48. f3 fxg4 49. fxg4 Nb6 50. Nb4 Kd6 51. Nd3 Nd7 52. Kf3 Ke6
53. Kg3 Kd6 54. Kf3 Ke6 55. Kg3 Kd6 56. Kf3 Ke6 57. Kg3 1/2-1/2